000
00256nam a22001217a 4500
008
170928b xxu||||| |||| 00| 0 eng d
041
_a
eng
080
_a
37
100
_a
47
101
_a
EDU
245
_a
TO HELP CHILDREN
_c
MAY.F.H
942
_2
udc
_c
BK
999
_c
30545
_d
30545